Mecánica de suelos T.1 fundamentos de la mecánica de suelo
| Main Authors: | , |
|---|---|
| Format: | Section = Libro |
| Language: | Undetermined Spanish |
| Published: |
La Habana
Pueblo y Educación
1972
|
| Subjects: |
| LEADER | 00633nam a2200217Ia 4500 | ||
|---|---|---|---|
| 008 | 240829s9999 xx 000 0 und d | ||
| 040 | |a BIBLIOTECA-RUSB/ 624.1513 J91 | ||
| 041 | |a spa | ||
| 082 | |a 624.1513 J91 | ||
| 100 | 1 | |a Juárez Badillo, Eulalio | |
| 100 | 1 | |b Rico Rodríguez, Alfonso | |
| 245 | 1 | 0 | |a Mecánica de suelos T.1 fundamentos de la mecánica de suelo |
| 260 | |a La Habana |b Pueblo y Educación |c 1972 | ||
| 300 | |a 443 p. :il. | ||
| 650 | 7 | |a MECANICA DE SUELOS | |
| 650 | 7 | |b REDES DE FLUJO | |
| 650 | 7 | |c FLUJO DE AGUA - PRENSAS DE TIERRA | |
| 650 | 7 | |d SOCAVACION | |
| 942 | |c BK |2 ddc | ||
| 991 | |a TEXTO | ||
| 999 | |c 3642 | ||